<?xml version="1.0" encoding="UTF-8"?>
<marc:record xmlns:marc="http://www.loc.gov/MARC21/slim">
   <marc:leader>00000nam a2200000 a 4500</marc:leader>
   <marc:datafield ind1="1" ind2=" " tag="100">
      <marc:subfield code="a">Osborne, Mary Pope</marc:subfield>
      <marc:subfield code="4">aut</marc:subfield>
      <marc:subfield code="e">Verfasser/-in</marc:subfield>
   </marc:datafield>
   <marc:datafield ind1="1" ind2=" " tag="100">
      <marc:subfield code="a">Rahn, Sabine</marc:subfield>
      <marc:subfield code="4">oth</marc:subfield>
      <marc:subfield code="e">Sonstiges</marc:subfield>
   </marc:datafield>
   <marc:datafield ind1="1" ind2=" " tag="100">
      <marc:subfield code="a">Knipping, Jutta</marc:subfield>
      <marc:subfield code="4">oth</marc:subfield>
      <marc:subfield code="e">Sonstiges</marc:subfield>
   </marc:datafield>
   <marc:datafield ind1="0" ind2="0" tag="245">
      <marc:subfield code="a">Abenteuer bei den Dinosauriern</marc:subfield>
   </marc:datafield>
   <marc:datafield ind1="0" ind2="0" tag="245">
      <marc:subfield code="c">Osborne, Mary Pope</marc:subfield>
   </marc:datafield>
   <marc:datafield ind1=" " ind2="1" tag="264">
      <marc:subfield code="a">Bindlach</marc:subfield>
      <marc:subfield code="b">Loewe</marc:subfield>
      <marc:subfield code="c">2015</marc:subfield>
   </marc:datafield>
   <marc:datafield ind1="1" ind2=" " tag="490">
      <marc:subfield code="a">Das magische Baumhaus Junior</marc:subfield>
      <marc:subfield code="v">Band 1</marc:subfield>
   </marc:datafield>
   <marc:datafield ind1="1" ind2=" " tag="520">
      <marc:subfield code="a">Quelle: bn.bibliotheksnachrichten (http://www.biblio.at/literatur/bn/index.html); &#xD;
Autor: Norbert Allmer; &#xD;
Und plötzlich waren da Dinosaurier - die beliebte Reihe für ErstleserInnen adaptiert. (ab 7) (JE)&#xD;
Die ziemlich aufgedrehte Anne und ihr etwas schreckhafter älterer Bruder Philipp sind gemeinsam unterwegs. Sie gelangen zu einem Baumhaus und klettern hinauf. Kaum oben, beginnt sich alles zu drehen. Nach einem großen Sprung landen sie in der Frühzeit! Und plötzlich sind da auch Dinosaurier. Sie nehmen mit den Tieren Kontakt auf - zuerst Anne, dann Philipp - und es kommt zu vielen überraschenden Begegnungen mit den Sauriern. Philipp liest schnell noch in seinem Buch nach, ob für sie selber Gefahr besteht. Doch dann ist keine Zeit mehr zum Lesen und sie nehmen ihre Beine in die Hand&#xD;
Die beiden Zeitreisenden sind vielen BibliothekarInnen bereits ein Begriff - der Loewe-Verlag bringt nun die ersten Bände der beliebten Kinderbuchreihe "Das magische Baumhaus" für ErstleserInnen in einer gekürzten Junior-Ausgabe heraus, die sich zum Vorlesen und zum Selberlesen ab etwa 7 Jahren eignet. Ein spannendes Buch für ein junges Publikum, das gefährliche Abenteuer liebt.</marc:subfield>
   </marc:datafield>
   <marc:datafield ind1=" " ind2=" " tag="020">
      <marc:subfield code="a">9783785581964</marc:subfield>
      <marc:subfield code="9">9783785581964</marc:subfield>
   </marc:datafield>
   <marc:datafield ind1=" " ind2=" " tag="020">
      <marc:subfield code="a">3785581963</marc:subfield>
      <marc:subfield code="9">3785581963</marc:subfield>
   </marc:datafield>
   <marc:datafield ind1=" " ind2=" " tag="041">
      <marc:subfield code="a">ger</marc:subfield>
   </marc:datafield>
   <marc:datafield ind1=" " ind2=" " tag="300">
      <marc:subfield code="b">zahlr. Ill. (farb.)</marc:subfield>
   </marc:datafield>
   <marc:datafield ind1="0" ind2=" " tag="490">
      <marc:subfield code="v">Band 1</marc:subfield>
   </marc:datafield>
   <marc:datafield ind1=" " ind2=" " tag="338">
      <marc:subfield code="a">Band</marc:subfield>
   </marc:datafield>
   <marc:datafield ind1=" " ind2=" " tag="300">
      <marc:subfield code="a">74 S.</marc:subfield>
   </marc:datafield>
</marc:record>
